000
00195 a2200097 4500
001
8597
100
_a
Mir Bashir
245
_a
Dastan-e-taqdeer
260
_a
_b
Ferozsons
_c
090
_c
6919
_d
6919
942
_a
NUST-CAE
_c
M
_c
33510
999
_c
243670
_d
243670